Tous les Pokemon de type Psy (2G) - Statistiques

Statistiques générales
  • Ce quiz a été pris 8 fois
  • Le résultat moyen est 9 sur 10
Statistiques - réponses
Indices Réponses % Correct
Psy + Plante Celebi
100%
Psy + Normal Girafarig
100%
Psy + Vol Lugia
100%
Psy + Eau Roigada
100%
Psy + Glace Lippouti
86%
Psy + Vol Natu
86%
Psy + Vol Xatu
86%
Psy Mentali
71%
Psy Qulbutoké
71%
Psy Zarbi
71%
Aucun quiz correspondant
Distribution des résultats
% des personnes avec chaque résultat
Percentile par nombre de réponses
Votre historique - résultats
Vous n’avez pas pris ce quiz